|
|
|
|
| LEADER |
00803cam a2200217 7i4500 |
| 001 |
0000100360 |
| 005 |
20121223090000.0 |
| 008 |
121211s2012 my may |
| 020 |
# |
0 |
|a 9789670334424
|
| 090 |
0 |
0 |
|a LA 1236
|b .S82 2012
|
| 245 |
0 |
0 |
|a Sustaining higher education policy through research
|c editors Koo Yew Lie, Munir Shuib, Sarjit Kaur.
|
| 260 |
# |
# |
|a Ministry of Higher Education Malaysia:
|b Putrajaya,
|c 2012.
|
| 300 |
# |
# |
|a xiv, 232p.:
|b ill.;
|c 25cm..
|
| 650 |
0 |
0 |
|a Education, Higher --
|x Management
|
| 650 |
0 |
0 |
|a Education, Higher --
|x Research --
|z Malaysia
|
| 650 |
0 |
0 |
|a Education and state --
|z Malaysia
|
| 700 |
1 |
1 |
|a Koo, Yew Lie, 1954-
|
| 700 |
0 |
1 |
|a Munir Shuib
|
| 700 |
1 |
1 |
|a Sarjit Kaur
|
| 710 |
2 |
1 |
|a Malaysia. Kementerian Pengajian Tinggi
|
| 999 |
|
|
|a 1100087622
|b Book
|c Open Shelf
|e KOLEKSI TERBUKA
|